| 000 | 00944nam a22003017a 4500 | ||
|---|---|---|---|
| 003 | CHAP | ||
| 005 | 20220329134041.0 | ||
| 008 | 971013s1968 r 00010 d | ||
| 010 | _a14671 | ||
| 011 | _a15643 | ||
| 035 | _a19719 | ||
| 040 | _cCHAP | ||
| 082 |
_a581.38 _bG67 |
||
| 100 | 0 | 0 |
_aGottlieb, Joan Eiger. _950090 |
| 245 | _aPlants; adaptación through evolution | ||
| 260 |
_aNew york : _bReinhold, _c1968 |
||
| 300 |
_a114 p. _b: ilus |
||
| 490 | _aReinhold. Selected topics in modern biology | ||
| 590 |
_aBATCH-UPD _b10 _c20130110 _lUCH01 _h2038 |
||
| 590 |
_aBATCH-UPD _b10 _c20130410 _lUCH01 _h1353 |
||
| 590 |
_aBATCH-UPD _b10 _c20130914 _lUCH01 _h1336 |
||
| 590 |
_aCONVERSION _b10 _c20130109 _lUCH01 _h1309 |
||
| 650 | 1 | 4 |
_aEvolución (Plantas) _939010 |
| 830 | 0 |
_aReinhold. Selected topics in modern biology _995784 |
|
| 901 | _aBK | ||
| 942 | _cLIBRO | ||
| 949 |
_a581.38 G67 _bBC _cLIBRO _d-45998 _eLIBRO _h5320 _i19719 _si _t29.00 |
||
| 999 |
_c14671 _d14671 |
||